Tạp chí khoa học Đại học Đồng Tháp = Dong Thap University Journal of science Số 28
Trong số này trình bày Biện pháp quản lý công tác giáo dục đạo đức học sinh ở Trường Phổ thông Dân tộc nội trú Vĩnh Thạnh, tỉnh Bình Định; Biện pháp quản lý hoạt động phong trào văn nghệ-thể dục thể thao sinh viên Trường Đại học Đồng Thá...
Na minha lista:
| Formato: | Livro |
|---|---|
| Idioma: | Vietnamese |
| Publicado em: |
Đồng Tháp
Trường Đại học Đồng Tháp
2017
|
| Assuntos: | |
| Tags: |
Adicionar Tag
Sem tags, seja o primeiro a adicionar uma tag!
|
| Thư viện lưu trữ: | Thư viện Trường Đại học Nam Cần Thơ |
|---|
| LEADER | 01502nam a22002297a 4500 | ||
|---|---|---|---|
| 001 | NCT_123683 | ||
| 008 | 220512b xxu||||| |||| 00| 0 vie d | ||
| 999 | |c 6335 |d 6335 | ||
| 022 | |a 0866-7675 | ||
| 041 | |a vie | ||
| 082 | 0 | 4 | |2 23rd ed. |a 378 |b T109C |
| 245 | 0 | 0 | |a Tạp chí khoa học Đại học Đồng Tháp = |b Dong Thap University Journal of science |n Số 28 |c Trường Đại học Đồng Tháp |
| 260 | |a Đồng Tháp |b Trường Đại học Đồng Tháp |c 2017 | ||
| 300 | |c 28cm | ||
| 310 | |a 2 tháng 1 kỳ | ||
| 362 | |a 10/2017 | ||
| 520 | 3 | |a Trong số này trình bày Biện pháp quản lý công tác giáo dục đạo đức học sinh ở Trường Phổ thông Dân tộc nội trú Vĩnh Thạnh, tỉnh Bình Định; Biện pháp quản lý hoạt động phong trào văn nghệ-thể dục thể thao sinh viên Trường Đại học Đồng Tháp; Dạy học kiểu bài kể chuyện được chứng kiến hoặc tham gia cho học sinh lớp 5 theo định hướng phát triển năng lực;... | |
| 655 | |a Tạp chí | ||
| 942 | |2 ddc |c CR | ||
| 952 | |0 0 |1 0 |2 ddc |4 0 |6 378_000000000000000_T109C |7 0 |9 23929 |a 000001 |b 000001 |d 2022-05-13 |o 378 T109C |r 2022-05-13 |w 2022-05-13 |y CR | ||
| 952 | |0 0 |1 0 |2 ddc |4 0 |6 378_000000000000000_T109C |7 0 |9 23930 |a 000001 |b 000001 |d 2022-05-13 |o 378 T109C |r 2022-05-13 |w 2022-05-13 |y CR | ||
| 980 | |a Thư viện Trường Đại học Nam Cần Thơ | ||